000 00887nam a2200229 a 4500
001 000005563
005 20200929151720.0
008 090820s1975 dr 001 0 spa d
020 _a8485057686
040 _aDO-SdBNP
_bspa
_cBNPHU
082 _a972.9503
_bL864h
100 1 _aLópez Cantos, Ángel
_915714
245 1 0 _aHistoria de Puerto Rico (1650-1700) /
_cÁngel López Cantos ; prólogo Francisco Morales Padrón.
260 _aSevilla :
_bEscuela de Estudios Hispano-Americanos de Sevilla,
_c1975.
300 _a233 p. :
_bil. ;
_c24 cm.
651 4 _aPuerto Rico
_xHistoria
_y1650-1699
_915715
651 4 _aPuerto Rico
_xPolítica Y Gobierno
_ySIGLO XVII
_915716
651 4 _aPuerto Rico
_xCondiciones Económicas
_ySIGLO XVII
_915717
651 4 _aPuerto Rico
_xVida Social Y Costumbres
_ySIGLO XVII
_915718
700 1 _aMorales Padrón, Francisco,
_epról.
_915719
049 _aBNPD
999 _c5362
_d5362